JR東日本の特急停車駅 - Statistics

General Stats
  • This quiz has been taken 56 times
  • The average score is 153 of 190
Answer Stats
Answer % Correct
東京
100%
新橋
98%
品川
98%
立川
98%
八王子
98%
甲府
98%
川崎
95%
横浜
95%
大船
95%
小田原
95%
熱海
95%
伊東
95%
大崎
95%
渋谷
95%
新宿
95%
塩尻
95%
松本
95%
長野
95%
上野
95%
赤羽
95%
浦和
95%
大宮
95%
熊谷
95%
高崎
95%
戸塚
93%
藤沢
93%
二宮
93%
池袋
93%
大月
93%
篠ノ井
93%
日暮里
93%
千葉
93%
成田
93%
蘇我
93%
茅ケ崎
90%
平塚
90%
小淵沢
90%
下諏訪
90%
本庄
90%
90%
水戸
90%
勝田
90%
日立
90%
いわき
90%
銚子
90%
成田空港
90%
新潟
90%
辻堂
88%
国府津
88%
湯河原
88%
竜王
88%
上諏訪
88%
白馬
88%
仙台
88%
土浦
88%
双葉
88%
船橋
88%
木更津
88%
秋田
88%
武蔵小杉
85%
塩山
85%
石和温泉
85%
茅野
85%
信濃大町
85%
上尾
85%
鴻巣
85%
高萩
85%
錦糸町
85%
上越妙高
85%
青森
85%
山梨市
83%
岡谷
83%
桶川
83%
勿来
83%
浪江
83%
佐倉
83%
海浜幕張
83%
大網
83%
上総一ノ宮
83%
勝浦
83%
直江津
83%
長岡
83%
新青森
83%
岩沼
80%
龍ケ崎市
80%
牛久
80%
ひたち野うしく
80%
相馬
80%
成東
80%
君津
80%
安房鴨川
80%
村上
80%
酒田
80%
弘前
80%
空港第2ビル
80%
深谷
78%
新前橋
78%
渋川
78%
長野原草津口
78%
友部
78%
常陸多賀
78%
78%
湯本
78%
原ノ町
78%
四街道
78%
八街
78%
新井
78%
新発田
78%
大館
78%
韮崎
76%
北本
76%
石岡
76%
東海
76%
大甕
76%
柏崎
76%
羽後本荘
76%
東能代
76%
聖高原
73%
富岡
73%
73%
五井
73%
東三条
73%
新津
73%
大鰐温泉
73%
富士見
71%
赤塚
71%
亘理
71%
鶴岡
71%
荒川沖
68%
大原
68%
坂町
68%
あつみ温泉
68%
仁賀保
68%
明科
66%
新町
66%
磯原
66%
八日市場
66%
茂原
66%
御宿
66%
安房小湊
66%
高田
66%
余目
66%
八郎潟
66%
穂高
63%
大野
63%
土気
63%
鷹ノ巣
63%
中之条
61%
広野
61%
姉ケ崎
61%
豊科
59%
横芝
59%
春日山
59%
豊栄
59%
見附
56%
遊佐
56%
象潟
56%
碇ケ関
56%
中条
51%
柿崎
49%
加茂
49%
飯岡
46%
府屋
44%
浪岡
44%
上総興津
41%
森岳
37%
二ツ井
32%
No matching quizzes found
Score Distribution
Percent of People with Each Score
Percentile by Number Answered
Your Score History
You have not taken this quiz